|
|
|
|
| LEADER |
00000naa2a2200000 4500 |
| 001 |
628597 |
| 005 |
20240115105741.0 |
| 035 |
|
|
|a (RuTPU)RU\TPU\conf\28851
|
| 035 |
|
|
|a RU\TPU\conf\28848
|
| 090 |
|
|
|a 628597
|
| 100 |
|
|
|a 20181203d2018 k y0rusy50 ca
|
| 101 |
0 |
|
|a rus
|
| 102 |
|
|
|a RU
|
| 105 |
|
|
|a y z 101zy
|
| 135 |
|
|
|a drgn ---uucaa
|
| 181 |
|
0 |
|a i
|
| 182 |
|
0 |
|a b
|
| 200 |
1 |
|
|a Исследование процесса металлизации алюмонитридной керамики
|f Р. В. Тарновский, А. А. Дитц
|
| 203 |
|
|
|a Текст
|c электронный
|
| 225 |
1 |
|
|a Модифицирование поверхности и покрытия
|
| 300 |
|
|
|a Заглавие с экрана
|
| 320 |
|
|
|a [Библиогр.: с. 324 (4 назв.)]
|
| 463 |
|
1 |
|0 (RuTPU)RU\TPU\conf\28688
|t Перспективные материалы конструкционного и медицинского назначения
|o сборник трудов Международной научно-технической молодежной конференции, г. Томск, 26–30 ноября 2018 г.
|f Национальный исследовательский Томский политехнический университет, Инженерная школа новых производственных технологий ; Российский фонд фундаментальных исследований ; под ред. С. Н. Кулькова [и др.]
|v [С. 323-324]
|d 2018
|
| 610 |
1 |
|
|a труды учёных ТПУ
|
| 610 |
1 |
|
|a электронный ресурс
|
| 610 |
1 |
|
|a металлизация
|
| 610 |
1 |
|
|a алюмооксидная керамика
|
| 610 |
1 |
|
|a высокотеплопроводные материалы
|
| 610 |
1 |
|
|a нитрид алюминия
|
| 610 |
1 |
|
|a стекла
|
| 610 |
1 |
|
|a адгезия
|
| 700 |
|
1 |
|a Тарновский
|b Р. В.
|
| 701 |
|
1 |
|a Дитц
|b А. А.
|c химик-технолог
|c доцент Томского политехнического университета, кандидат технических наук
|f 1981-
|g Александр Андреевич
|3 (RuTPU)RU\TPU\pers\30252
|9 14629
|
| 712 |
0 |
2 |
|a Национальный исследовательский Томский политехнический университет
|b Инженерная школа новых производственных технологий
|b Научно-образовательный центр Н. М. Кижнера
|3 (RuTPU)RU\TPU\col\23556
|
| 801 |
|
2 |
|a RU
|b 63413507
|c 20181205
|g RCR
|
| 856 |
4 |
|
|u http://earchive.tpu.ru/handle/11683/51935
|
| 942 |
|
|
|c BK
|